Name the 5 most important leaders of the mongol empire - Statistics

General Stats
  • This quiz has been taken 11 times
  • The average score is 2 of 5
Answer Stats
Date Name % Correct
1162-1227 Genghis Khan
100%
1215-1294 Kublai Khan
75%
1209-1251 Möngke Khan
13%
1336-1405 Timur
13%
1205-1255 Batu Khan
0%
No matching quizzes found
Score Distribution
Percent of People with Each Score
Percentile by Number Answered
Your Score History
You have not taken this quiz